| 000 | 00865nas a2200265 4500 | ||
|---|---|---|---|
| 001 | BR7200914 | ||
| 003 | BR-BrBNA | ||
| 005 | 20231205082359.0 | ||
| 007 | ta | ||
| 008 | 230509b bl.|||p| |||| 00| 00por d | ||
| 040 |
_aBR-BrBNA _bpor _cBiblioteca Nacional de Agricultura |
||
| 041 | _a(Pt) | ||
| 072 | _aL74 | ||
| 100 | 1 | _aMachado Junior, T.L. | |
| 100 | 1 | _aSalle, C.T.P. | |
| 245 | 1 | _aA Solanum malacoxylon na etiologia da calcificacao dos tecidos moles de ovinos no Rio Grande do Sul [planta toxica, Brasil] | |
| 650 | _aPLANTA TOXICA | ||
| 650 | _aINTOXICACAO ANIMAL | ||
| 650 | _aSOLANACEA | ||
| 650 | _aOVINO | ||
| 650 | _aRIO GRANDE DO SUL | ||
| 773 | 0 |
_tBoletim do Instituto de Pesquisas Veterinarias Desiderio Finamor (Brazil) _x _g(Jan 1972), (Suppl. 1) p. 81-94 _wBR7200914 |
|
| 909 |
_a202311 _bLúcia _c55 _dLúcia Elande |
||
| 942 |
_2AGRIS _n0 _cANA |
||
| 999 |
_c91329 _d91329 |
||